000 00667nam a2200253Ia 4500
005 20260121114131.0
008 008 260114s9999 xx 000 0 eng d
020 _a9781119421900
037 _aEBOOK
040 _aCRL
040 _beng
040 _cCRL
041 _2eng
041 _aeng
084 _qCRL
100 _aJohn Best
_9971266
245 0 _aBreaking Digital Gridlock + Website: Improving Your Bank?s Digital Future by Making Technology Changes Now
260 _bWiley
260 _c2018
856 _uhttps://onlinelibrary.wiley.com/doi/book/10.1002/9781119421900
942 _cEBOOK
999 _c1550521
_d1550521